Statistics for Biggest Nordic Cities

Click here to take the quiz!

General Stats

  • This quiz has been taken 56,175 times
    (37,645 since last reset)
  • The average score is 9 of 17

Answer Stats

PopulationCity% Correct
1.00 milOslo
99%
1.51 milStockholm
97%
1.31 milCopenhagen
95%
1.27 milHelsinki
95%
302 kMalmö
71%
212 kReykjavik
66%
581 kGothenburg
65%
255 kBergen
60%
273 kAarhus
39%
184 kTrondheim
37%
272 kTurku
33%
140 kUppsala
31%
334 kTampere
29%
135 kAalborg
28%
200 kOulu
25%
178 kOdense
24%
223 kStavanger
24%

Score Distribution

Percentile by Number Answered

Percent of People with Each Score

Your Score History

You have not taken this quiz since the last reset